000 00743nam a2200253Ia 4500
003 OSt
005 20220928111225.0
006 a|||||r|||| 00| 0
007 ta
008 220927b |||||||| |||| 00| 0 hin d
020 _c350
024 _a123965
037 _b4600, 23/01/2014, Swaraj Prakashan
_cTextual
040 _aSDCL
_cSDCL
_bhin
041 _2hin
_ahin
082 _a0152:g(V2:194), Q3
100 _aTanvar Manju
_9422855
245 0 _aSanskriti aur Hazari Prasad Dwivedi
260 _aNew Delhi
_bSwaraj Prakashan
_c2013
300 _a7;182p
_ccm.
650 _aHindi
_9391598
942 _h0152:g(V2:194), Q3
_cTEXL
_2CC
999 _c739300
_d739300